Ley de educación superior /

Guardado en:
Formato: Libro
Publicado: Buenos Aires : , 1995
Materias:
Fc
Etiquetas: Agregar Etiqueta
Sin Etiquetas, Sea el primero en etiquetar este registro!
LEADER 00570nam a22002055a 4500
001 CEM.cems011069
005 20060214000000.0
008 130507s1995##################000#0#####d
003 CEMS
082 0 4 |a F370 
245 0 0 |a Ley de educación superior / 
260 |a Buenos Aires :  |b ,  |c 1995 
300 |a 21 p. 
653 |a Educacion 
653 |a Educacion superior 
653 |a Ley 24521 
653 |a Ley de educacion superior 
653 |a Fc 
859 |a CEMS  |b BIB. CEMS - 11 de abril  |h F370  |i 99  |p 1807.44  |t Ej.2 
859 |a CEMS  |b BIB. CEMS - 11 de abril  |h F370  |i 99  |p 1874.44  |t Ej.1